|
|
|
|
| LEADER |
00701cam a2200205 7i4500 |
| 001 |
0000124585 |
| 005 |
20160330090000.0 |
| 008 |
150910s2015 mau eng |
| 020 |
# |
# |
|a 9780262528191
|
| 090 |
0 |
0 |
|a HD 61
|b .F75 2015
|
| 100 |
1 |
# |
|a Friberg, Richard
|
| 245 |
0 |
0 |
|a Managing risk and uncertainty :
|b a strategic approach
|c Richard Friberg.
|
| 260 |
# |
# |
|a Cambridge, MA:
|b MIT Press,
|c 2015.
|
| 300 |
# |
# |
|a xvi, 376 p.:
|b ll.;
|c 24 cm..
|
| 504 |
0 |
0 |
|a Imncludes bibliographical reference and index
|
| 590 |
# |
# |
|a Perpustakaan Sultanah Nur Zahirah
|
| 650 |
0 |
0 |
|a Risk management
|
| 650 |
0 |
0 |
|a Corporation --
|x Finance
|
| 650 |
0 |
0 |
|a Financial risk
|
| 999 |
|
|
|a 1100095925
|b Book
|c Open Shelf
|e KOLEKSI TERBUKA
|